00666nam a2200205 i 450000100060000000300090000600500170001500700030003200800410003510000280007624501030010425000120020726000530021930000210027249000380029350400320033170000280036383000380039185200310042947313ES-MaACL20260411164323.0t|030407s1984 mx ||||1| spa d0 aCopleston, Frederick C.10aFilosofías y culturas /cFrederick C. Copleston ; traducción de Beatriz Eugenia Alvarez Klein. a1ª ed. aMéxico :bFondo de Cultura Económica,c1984. a225 p. ;c21 cm.1 aSección de obras de filosofía aBibliografía: p. 211-225.0 aAlvarez Klein, Beatriz.0 aSección de obras de filosofía aES-MaACLjL-8764bR.110397